Encyclopedic dictionary of mathematics

Αποθηκεύτηκε σε:
Λεπτομέρειες βιβλιογραφικής εγγραφής
Συγγραφή απο Οργανισμό/Αρχή: Nihon Sugakkai
Άλλοι συγγραφείς: Ito, Kiyosi, 1915-2008 (Επιμελητής έκδοσης), Nihon, Sugakkai (Επιμελητής έκδοσης)
Μορφή: Βιβλίο
Γλώσσα:English
Japanese
Δημοσίευση: Cambridge : MIT Press, 1985-1993.
Έκδοση:2η εκδ.
Θέματα:
Ετικέτες: Προσθήκη ετικέτας
Δεν υπάρχουν, Καταχωρήστε ετικέτα πρώτοι!

MARC

LEADER 00000cam a2200000 i 4500
001 1/28535
008 941103s19851993mau ||| | eng||
020 |a 0262090260 
020 |a 0262590204 
035 |a 1988  |l 10038098 
035 |a 1993  |c ΧΑΤΖΗΣΑΒΒΑΣ 
035 |l 10047802 
040 |a GR-MyUA  |b gre  |e AACR2 
041 0 1 |a eng  |h jpn 
082 0 |a 510.321   |2 (20)  
245 1 0 |a Encyclopedic dictionary of mathematics /   |c by the Mathematical Society of Japan ; edited by Kiyosi Ito.  
246 3 3 |a EDM 2 
250 |a 2η εκδ.  
260 |a Cambridge :   |b MIT Press,   |c 1985-1993.  
300 |a 2 τ. :   |b εικ. ;   |c 29 εκ.  
500 |a Cover title: EDM 2.  
500 |a "English translation of the 3rd edition, c1987"--V. 1, verso of t.p.  
500 |a Τίτλος πρωτοτύπου: Iwanami sugaku jiten.  
504 |a Περιέχει βιβλιογραφικές παραπομπές και ευρετήρια.  
505 0 |a Τ. 1. A-N -- τ. 2. O-Z.  
650 0 0 |a Mathematics  |x Dictionaries. 
700 1 |a Ito, Kiyosi,   |d 1915-2008,  |e edt 
700 0 |a Nihon, Sugakkai,  |e edt 
710 1 |a Nihon Sugakkai. 
852 |a INST  |b LESVOS  |e 19990209  |h 510.321 ENC  |p 005100018181  |q 005100018181  |t REF  |y 23  |z v.1 
852 |a INST  |b LESVOS  |e 19990212  |h 510.321 ENC  |p 005100018182  |q 005100018182  |t REF  |y 23  |z v.2 
852 |a INST  |b LESVOS  |e 19990209  |h 510.321 ENC  |p 005100018181  |q 005100018181  |t REF  |v v.1:  |y 23  |z v.1 
852 |a INST  |b LESVOS  |e 19990212  |h 510.321 ENC  |p 005100018182  |q 005100018182  |t REF  |v v.2:  |y 23  |z v.2 
852 |a INST  |b SAMOS  |e 19941103  |h 510.321 ENC  |p 005300003582  |q 005300003582  |t REF  |y 23  |z v.2 
852 |a INST  |b SAMOS  |e 19941103  |h 510.321 ENC  |p 005300003583  |q 005300003583  |t REF  |y 23  |z v.1 
852 |a INST  |b SAMOS  |e 19941103  |h 510.321 ENC  |p 005300004543  |q 005300004543  |t REF  |y 23  |z v.2 
852 |a INST  |b SAMOS  |e 19941103  |h 510.321 ENC  |p 005300004544  |q 005300004544  |t REF  |y 23  |z v.3 
852 |a INST  |b SAMOS  |e 19941103  |h 510.321 ENC  |p 005300004545  |q 005300004545  |t REF  |y 23  |z v.4 
852 |a INST  |b SAMOS  |e 19941103  |h 510.321 ENC  |p 005300004546  |q 005300004546  |t REF  |y 23  |z v.1 
852 |a INST  |b SAMOS  |e 19941103  |h 510.321 ENC  |p 005300003582  |q 005300003582  |t REF  |v v.2:  |y 23  |z v.2 
852 |a INST  |b SAMOS  |e 19941103  |h 510.321 ENC  |p 005300003583  |q 005300003583  |t REF  |v v.1:  |y 23  |z v.1 
852 |a INST  |b SAMOS  |e 19941103  |h 510.321 ENC  |p 005300004543  |q 005300004543  |t REF  |v v.2:  |y 23  |z v.2 
852 |a INST  |b SAMOS  |e 19941103  |h 510.321 ENC  |p 005300004544  |q 005300004544  |t REF  |v v.3:  |y 23  |z v.3 
852 |a INST  |b SAMOS  |e 19941103  |h 510.321 ENC  |p 005300004545  |q 005300004545  |t REF  |v v.4:  |y 23  |z v.4 
852 |a INST  |b SAMOS  |e 19941103  |h 510.321 ENC  |p 005300004546  |q 005300004546  |t REF  |v v.1:  |y 23  |z v.1 
853 |a INST  |b LESVOS  |h 510.321 ENC 
853 |a INST  |b SAMOS  |h 510.321 ENC 
901 |a BIBL-1999-1 
922 |a 1ΕΛΗ  |b 199812  |c ΚΠΣ/ΚΥΒ  |d LEADER 
950 |a 023-1998-09-14